Les plats dans Breath of the Wild - Statistiques

Statistiques générales
  • Ce quiz a été pris 3 fois
  • Le résultat moyen est 18 sur 205
Statistiques - réponses
Nom du plat % Correct
Plat douteux
67%
Pomme grillée
67%
Assiette fruits et champis
33%
Baie grillée
33%
Brochette de champis
33%
Brochette de la mer
33%
Brochette de poisson
33%
Brochette de viande
33%
Brochettes de poisson
33%
Brochettes de viande
33%
Carotte tempo grillée
33%
Carotte vigueur grillée
33%
Carpe congelée
33%
Carpe grillée
33%
Chutney de fruits
33%
Citrouille armo grillée
33%
Citrouille farcie
33%
Crabe grillé
33%
Daurade congelée
33%
Daurade grillée
33%
Durian max grillé
33%
Fruit d'oiseau grillé
33%
Fruit volt grillé
33%
Gâteau aux fruits
33%
Gâteau aux graines
33%
Gland grillé
33%
Lait chaud
33%
Noix de coco grillée
33%
Oeuf dur
33%
Oeuf grillé
33%
Omelette aux champis
33%
Omelette nature
33%
Perche grillée
33%
Plat brise-dents
33%
Poisson vapeur
33%
Pommes au four
33%
Risotto aux champis
33%
Sauté aux herbes
33%
Tarte aux oeufs
33%
Tarte aux pommes
33%
Tourte au poisson
33%
Truite grillée
33%
Viande congelée
33%
Viande divine grillée
33%
Viande divine salée
33%
Viande fine grillée
33%
Viande fine salée
33%
Viande salée
33%
Viande vapeur
33%
Volaille divine grillée
33%
Volaille fine grillée
33%
Volaille grillée
33%
Bananes frites robusto
0%
Bananes lame grillés
0%
Bonbon au miel
0%
Bouillon de légumes
0%
Boulettes à la viande
0%
Boulettes au monstre
0%
Boulettes au poisson
0%
Boulettes aux champis
0%
Boulettes aux herbes
0%
Champis salés
0%
Champis vapeur
0%
Chutney de fruits pikpik
0%
Citrouille farcie protecto
0%
Crabe congelé
0%
Crabe salé
0%
Crabe salé enduro
0%
Crabe salé protecto
0%
Crabe salé robusto
0%
Crabe sauté
0%
Crêpe
0%
Crêpe au miel enduro
0%
Crêpe aux baies
0%
Curry
0%
Curry de fruits de mer
0%
Curry de monstre
0%
Curry de venaison
0%
Curry de venaison divine
0%
Curry de venaison fine
0%
Curry de volaille
0%
Curry de volaille divine
0%
Curry de volaille fine
0%
Curry végétarien
0%
Curry végétarien protecto
0%
Curry végétarien tempo
0%
Curry végétarien vitalis
0%
Daurade meunière
0%
Daurade meunière protecto
0%
Daurade meunière robusto
0%
Délice des bois à la viande
0%
Délice des bois au poisson
0%
Escargot congelé
0%
Escargot silencio grillé
0%
Flan
0%
Fleur armo grillée
0%
Fleur lame grillée
0%
Fruit de lotus tempo grillé
0%
Fruits au miel enduro
0%
Fruits vapeur
0%
Gâteau à la citrouille
0%
Gâteau à la citrouille protecto
0%
Gâteau au monstre
0%
Gâteau aux carottes
0%
Gâteau aux carottes tempo
0%
Gâteau aux carottes vitalis
0%
Gâteau aux fruits électro
0%
Gâteau aux fruits glagla
0%
Gâteau aux fruits max
0%
Gâteau aux fruits robusto
0%
Gâteau aux graines électro
0%
Gâteau aux graines glagla
0%
Gâteau aux graines pikpik
0%
Gâteau aux graines protecto
0%
Gâteau aux graines robusto
0%
Gâteau aux graines silencio
0%
Gâteau aux graines tempo
0%
Grand chutney de fruits
0%
Grande brochette de champis
0%
Grande poêlée végétale
0%
Gros radis max grillé
0%
Légumes salés
0%
Melon glagla grillé
0%
Oeuf au plat au riz
0%
Omelette aux herbes
0%
Paella de la mer
0%
Pain au froment
0%
Perche congelée
0%
Perche max congelée
0%
Perche max grillée
0%
Pilaf de volaille
0%
Pilaf de volaille divine
0%
Pilaf de volaille fine
0%
Piment grillé
0%
Piments sautés pikpik
0%
Poêlée végétale
0%
Poêlée végétale glagla
0%
Poêlée végétale pikpik
0%
Poêlée végétale protecto
0%
Poêlée végétale robusto
0%
Poêlée végétale silencio
0%
Poêlée végétale tempo
0%
Poêlée végétale vitalis
0%
Poêlée végétale volt
0%
Poisson meunière
0%
Pommes au miel enduro
0%
Radis max grillé
0%
Ragoût de carotte
0%
Ragoût de carotte tempo
0%
Ragoût de carotte vitalis
0%
Ragoût de citrouille
0%
Ragoût de citrouille protecto
0%
Ragoût de monstre
0%
Ragoût de viande
0%
Ragoût de viande divine
0%
Ragoût de viande fine
0%
Risotto au crabe
0%
Risotto au crabe enduro
0%
Risotto au crabe protecto
0%
Risotto au crabe robusto
0%
Risotto au saumon max
0%
Risotto aux légumes
0%
Risotto aux légumes protecto
0%
Risotto aux légumes tempo
0%
Risotto aux légumes vitalis
0%
Riz à la venaison
0%
Riz à la venaison divine
0%
Riz à la venaison fine
0%
Riz au curry
0%
Riz frit de la mer
0%
Riz frit de la mer max
0%
Riz frit oeuf-crabe
0%
Saumon max congelé
0%
Saumon max grillé
0%
Saumon meunière max
0%
Sauté de champis odorant
0%
Sauté de noix
0%
Soupe de coquillage max
0%
Soupe de coquillages
0%
Soupe de monstre
0%
Steak de venaison
0%
Steak de venaison divine
0%
Steak de venaison fine
0%
Tarte aux fruits
0%
Tarte aux fruits pikpik
0%
Tarte aux fruits tempo
0%
Tarte aux pommes tempo
0%
Tourte à la viande
0%
Truite congelée
0%
Turbo max congelé
0%
Turbo max grillé
0%
Velouté de champis
0%
Velouté de coeur
0%
Velouté de légumes
0%
Velouté de légumes protecto
0%
Velouté de légumes tempo
0%
Velouté de légumes vitalis
0%
Velouté de poisson
0%
Velouté de viande
0%
Viande divine congelée
0%
Viande fine congelée
0%
Viande grillée
0%
Volaille congelée
0%
Volaille divine congelée
0%
Volaille fine congelée
0%
Aucun quiz correspondant
Distribution des résultats
% des personnes avec chaque résultat
Percentile par nombre de réponses
Votre historique - résultats
Vous n’avez pas pris ce quiz